| 000 | 00520nam a22001817a 4500 | ||
|---|---|---|---|
| 999 |
_c7802 _d7802 |
||
| 003 | OSt | ||
| 005 | 20220310100250.0 | ||
| 008 | 220310b ||||| |||| 00| 0 eng d | ||
| 020 | _a9780521589758 | ||
| 040 | _cDDC | ||
| 082 | _a305.42 BUL 1998 | ||
| 100 |
_aBulbeck, Chilla _915894 |
||
| 245 |
_aRe- orienting western Feminisms _b: women's diversity in a postcolonial world |
||
| 260 |
_aNewyork _b: Cambridge university _c, C 1998 |
||
| 300 |
_axi, 270p. _c; 23 cm |
||
| 504 | _aBibliography Index | ||
| 942 |
_2ddc _cBOOK |
||